00341nam a2200085Ia 4500008004100000100001700041245010300058260008200161546001200243220512s9999 xx 000 0 eng d aTuteja, Usha 0aPossibilities and constraints in adoption of alternative crops to paddy in Haryana /cTuteja, Usha aDelhi :bAgricultural Economics Research Center University of Delhi,cMar-15 aEnglish